Viruses and Human Disease (Record no. 4290)

MARC details
000 -LEADER
fixed length control field 00587nam a22002177a 4500
003 - CONTROL NUMBER IDENTIFIER
control field OSt
005 - DATE AND TIME OF LATEST TRANSACTION
control field 20160607192651.0
008 - FIXED-LENGTH DATA ELEMENTS--GENERAL INFORMATION
fixed length control field 160607b xxu||||| |||| 00| 0 eng d
020 ## - INTERNATIONAL STANDARD BOOK NUMBER
International Standard Book Number 9780126730500
020 ## - INTERNATIONAL STANDARD BOOK NUMBER
International Standard Book Number 0126730504
040 ## - CATALOGING SOURCE
Transcribing agency DNLM
082 ## - DEWEY DECIMAL CLASSIFICATION NUMBER
Classification number WC500 S82s 2002
100 ## - MAIN ENTRY--PERSONAL NAME
Personal name Stauss, James H.; Strauss, Ellen G.
9 (RLIN) 9264
245 ## - TITLE STATEMENT
Title Viruses and Human Disease
260 ## - PUBLICATION, DISTRIBUTION, ETC. (IMPRINT)
Place of publication, distribution, etc. San Diego; Academic Press, 2002
300 ## - PHYSICAL DESCRIPTION
Extent vii,383p; col.ill: 29cm
504 ## - BIBLIOGRAPHY, ETC. NOTE
Bibliography, etc References, & index included
650 ## - SUBJECT ADDED ENTRY--TOPICAL TERM
Topical term or geographic name as entry element Viruses
9 (RLIN) 746
650 ## - SUBJECT ADDED ENTRY--TOPICAL TERM
Topical term or geographic name as entry element Human diseases
9 (RLIN) 9265
942 ## - ADDED ENTRY ELEMENTS (KOHA)
Source of classification or shelving scheme Other/Generic Classification Scheme
Koha item type Open Shelf
Holdings
Withdrawn status Lost status Source of classification or shelving scheme Damaged status Not for loan Home library Current library Date acquired Source of acquisition Inventory number Total Checkouts Full call number Barcode Date last seen Date last checked out Koha item type
    Other/Generic Classification Scheme     MUST Main Library MUST Main Library 07/06/2016   08/30315 1 WC500 S82s 2002 2016-2344 09/11/2019 30/10/2019 Open Shelf
    Other/Generic Classification Scheme     MUST Main Library MUST Main Library 07/06/2016   08/30316   WC500 S82s 2002 2016-2345 07/06/2016   Open Shelf